[Event "IECG CP.2000.P.00088"]
[Site "IECG email"]
[Date "2000.10.01"]
[Round "?"]
[White "De Sa Nobrega, Aurelio Agostinhio"]
[Black "Bracht, Hauke"]
[Result "1-0"]
[WhiteElo "2053"]
[BlackElo "786"]
[PlyCount "23"]
[EventDate "2000.10.01"]
[EventType "tourn (corr)"]
[EventRounds "6"]
[EventCountry "VEN"]
[SourceTitle "Corr 2008"]
[Source "ChessBase"]
[SourceDate "2008.06.24"]
[SourceVersion "1"]
[SourceVersionDate "2008.06.24"]
[SourceQuality "1"]

1. d4 d5 2. c4 Nf6 3. cxd5 Nxd5 4. e4 Nb4 5. Qa4+ N8c6 6. d5 Nxd5 7. exd5 Qxd5 8. Nc3 Qd4 9. Bc4 a6 10. Nf3 Qc5 11. Nd5 Qd6 12. Bf4 1-0